| 000 | 00427nam a22001457a 4500 | ||
|---|---|---|---|
| 082 |
_a973.7 _bHEN |
||
| 100 |
_aHenderson, G.F.R. _946591 |
||
| 245 |
_aStonewall jakson and the american civil war _cG.F.R. Henderson |
||
| 260 |
_aLondon _bLongmans, Green and Co _c1932 |
||
| 300 | _a528 p.: | ||
| 526 |
_a0 _b0 _c0 _d973_700000000000000_HEN |
||
| 526 |
_a0 _b0 _c0 _d973_700000000000000_HEN |
||
| 650 |
_aMCE _9379 |
||
| 942 |
_2ddc _cBK |
||
| 999 |
_c552960 _d552960 |
||